00409nam a22001457a 4500008004100000040001800041041000800059100002900067245003700096260004900133300001600182500002100198650002400219650002000243130821s1930 fr gr fre  aCo-BoUCMbspa00afre aLouys; Pierred1870-192500aSuite a poétiquecPierre Louys aParís (Francia)bEditions Montaignnec1930 a82páginas aIncluye índice04aLiteratura francesa04aNovela francesa